000 00926nam a2200253Ia 4500
003 OSt
005 20220923215309.0
006 a|||||r|||| 00| 0
007 ta
008 220922b |||||||| |||| 00| 0 hin d
024 _a177,528
037 _cTextual
040 _aARTS
_cARTS
_bhin
041 _2hin
_ahin
082 _aO152,1:g(P:75), L8
100 _aकथूरिया, सुन्दर लाल
245 0 _aरस संख्या
_b काव्य शास्त्रीय विश्लेषण
246 _aRas sankhyā: kāvya shāstrīya vishleṣhaṇa
260 _aदिल्ली
_b पांडुलिपि प्रकाशन
_c1978
300 _a320 पृ.
_ccm.
650 _aहिन्दी साहित्य
_9156264
942 _hO152,1:g(P:75), L8
_cTEXL
_2CC
999 _c330916
_d330916